Multiple Word Pokemon Names - Statistics

General Stats
  • This quiz has been taken 19 times
  • The average score is 24 of 41
Answer Stats
Generation Type Answer % Correct
Gen 7 Grass/ Fairy Tapu Bulu
86%
Gen 7 Water/ Fairy Tapu Fini
86%
Gen 7 Electric/ Fairy Tapu Koko
86%
Gen 7 Psychic/ Fairy Tapu Lele
86%
Ice/ Water Iron Bundle
71%
Dragon/ Dark Roaring Moon
71%
Electric/ Ground Sandy Shocks
71%
Water/ Dragon Walking Wake
71%
Grass/ Dark Brute Bonnet
64%
Ghost/ Fairy Flutter Mane
64%
Gen 2 Fire/ Flying Ho-Oh
64%
Steel/ Psychic Iron Crown
64%
Fighting/ Electric Iron Hands
64%
Fire/ Poison Iron Moth
64%
Gen 1 Psychic/ Fairy Mr. Mime
64%
Gen 9 Fairy/ Psychic Scream Tail
64%
Dark/ Ice Chien-Pao
57%
Fire/ Dragon Gouging Fire
57%
Gen 9 Ground/ Fighting Great Tusk
57%
Rock/ Psychic Iron Boulder
57%
Dark/ Flying Iron Jugulis
57%
Rock Electric Iron Thorns
57%
Ground/ Steel Iron Treads
57%
Fairy/ Fighting Iron Valiant
57%
Gen 7 Dragon Jangmo-o
57%
Gen 4 Psychic/ Fairy Mime Jr.
57%
Electric/ Dragon Raging Bolt
57%
Bug/ Fighting Slither Wing
57%
Dark/ Ground Ting-Lu
57%
Gen 7 Normal Type: Null
57%
Dark/ Grass Wo-Chien
57%
Dark/ Fire Chi-Yu
50%
Gen 1 Normal/ Fying Farfetch'd
50%
Gen 7 Dragon/ Fighting Hakamo-o
50%
Grass/ Psychic Iron Leaves
50%
Gen 7 Dragon/ Fighting Kommo-o
50%
Gen 2 Normal Porygon 2
36%
Gen 8 Fighting Sirfetch'd
36%
Gen 4 Normal Porygon-Z
29%
Gen 1 Poison Nidoran ♀
0%
Gen 1 Poison Nidoran ♂
0%
No matching quizzes found
Score Distribution
Percent of People with Each Score
Percentile by Number Answered
Your Score History
You have not taken this quiz